Starist' Horbani

Bibliographic Details
Main Author: Oleárová, Eva, 1945- (Author)
Format: Article
Language:Ukrainian

MARC

LEADER 00000nab a2200000ua 4500
001 vtls010808376
003 SK-MaSNL
005 20260303131728.0
008 230218s1978 xo |||||||||||||||||ukr|
035 |a (urnnbn)urn:nbn:sk:snk:ar-004pr9 
035 |a (uuid)19091ae7-cdbc-4d26-822c-6bae9674ea4d 
035 |a urn:nbn:sk:snk-ab44uk 
040 |a SNKBUCL  |b slo  |c SNKBUCL  |e AACR2 
041 0 |a ukr 
044 |a xo  |c SK 
100 1 |a Oleárová, Eva,  |d 1945-  |4 aut  |9 112050 
245 1 0 |a Starist' Horbani  |c Jeva Olear 
773 0 |t Duklja : literaturno-chudožnij ta hromads'ko-polityčnyj al'manach  |g Roč. 26, č. 4 (1978), s. 6-7 
958 |a OND 
958 |a EUIPO 
958 |a article3 
999 |c 1946607  |d 1948537